| 000 | 00530 a2200169 4500 | ||
|---|---|---|---|
| 999 |
_c9534 _d9534 |
||
| 020 | _a9780199578115 | ||
| 050 | _aKF 9201 HER 2010 | ||
| 100 |
_aHerring, Jonathan _eauthor |
||
| 245 |
_aCriminal law : _b text, cases and materials / _cJonathan Herring |
||
| 250 | _a4th ed. | ||
| 264 |
_aU.K. _bOxford University Press, _c2010 |
||
| 300 |
_alx;946p.: _bcol |
||
| 500 | _aIncludes bibliographical references and index | ||
| 650 |
_aCriminal law _xEngland |
||
| 650 |
_aCriminal law _xWales |
||
| 942 |
_2lcc _cBK _e4th ed. _h9201 _iHER _kKF |
||